Il dottor Jekyll e mister Holmes /

Guardat en:
Dades bibliogràfiques
Autor principal: Vandelli, Luciano (Autor)
Format: Llibre
Idioma:italià
Publicat: Milano : Baldini Castoldi Dalai, [2004]
Col·lecció:Le isole ; 28
Etiquetes: Afegir etiqueta
Sense etiquetes, Sigues el primer a etiquetar aquest registre!

MARC

LEADER 00000nam a22000007i 4500
001 IT\ICCU\RAV\1273329
003 ItRI
005 20241230143052.0
008 041123s2004 it |||||| ||||| |||||c
020 |a 8884906652 
040 |b ita  |c Arcigay Rimini 
041 7 |a ita  |2 ISO-639-2 
100 1 |a Vandelli, Luciano  |0 IT\ICCU\CFIV\052032  |4 aut 
240 1 3 |a Il dottor Jekyll e mister Holmes  |9 Vandelli, Luciano 
245 1 3 |a Il dottor Jekyll e mister Holmes /  |c Luciano Vandelli. 
260 |a Milano :  |b Baldini Castoldi Dalai,  |c [2004] 
300 |a 138 p. ;  |c 18 cm. 
830 3 |a Le isole ;  |v 28  |0 IT\ICCU\LO1\0338704 
942 |2 ddc  |c BK 
952 |0 0  |1 0  |2 ddc  |4 0  |6 853_920000000000000_VAN_ILD  |7 1  |9 2502  |a RN  |b RN  |d 2024-12-30  |l 0  |o 853.92 VAN ILD  |p 9946  |r 2024-12-30 14:33:34  |w 2024-12-30  |y BK 
981 1 |6 z01  |a i   |b xxxe  
982 1 |6 z01  |a n 
999 |c 2176  |d 2176